Guess The Watch Brand! - Statistics

General Stats
  • This quiz has been taken 161 times
  • The average score is 9 of 16
Answer Stats
Picture Answer % Correct
Rolex
99%
Casio
97%
Omega
95%
Tissot
93%
Seiko
90%
Cartier
89%
Tag Heuer
81%
Breitling
71%
Patek Philippe
63%
Longines
48%
Zenith
39%
Orient
33%
Nautica
19%
Glycine
17%
Nixon
9%
Lorus
4%
No matching quizzes found
Score Distribution
Percent of People with Each Score
Percentile by Number Answered
Your Score History
You have not taken this quiz